000 00408nab a2200145Ia 4500
003 ES-SlBCS
005 20210601135813.0
008 140529s1969 xxu||||| |||| 00| 0 spa d
041 _aspa
100 1 _aWorden, Thomas
_9236880
245 0 0 _aSeñor, ¿a quién iremos?
_c Thomas Worden
650 0 4 _aEspiritualidad
_913671
773 0 _tConcilium
_gvol. 3, nº. 50, 1969, págs. 592-609
_wRev134
942 _cAR
999 _c634334
_d634334